000 01063nam a22003017a 4500
001 BR8701552
003 BR-BrBNA
005 20230928092427.0
007 ta
008 230509b bl.||||| |||| 00| 0 por d
040 _aBR-BrBNA
_bpor
_cBiblioteca Nacional de Agricultura
041 _a(Por)
072 _aP01
_b2120
_b3840
_b/G514
090 _ 2120 BR8701552
100 1 _aSignorelli, G.
100 1 _aGranzotto, S.V.
110 1 _aInstituto Brasileiro do Cafe, Rio de Janeiro, RJ (Brasil);
_95880
110 1 _aGrupo Executivo de Racionalizacao da Cafeicultura, Rio de Janeiro, RJ (Brasil). Div. de Fotointerpretacao
245 1 _aEstudo sobre a ocorrencia de calcario dolomitico em torno do eixo rodoviario Capelinha - Diamantina - Curvelo [Brasil]
260 3 _aRio de Janeiro, RJ (Brasil):
_c1982.
300 _a30 p.
500 _a(*) Documento disponível no(a) Instituto Brasileiro do Cafe, Rio de Janeiro, RJ (Brazil)
650 _aCAFE
650 _aSOLO
650 _aCALCARIO
909 _a202309
_bLucia
_c55
_dLucia Elande
942 _cBK
999 _c38984
_d38984